Представление документа в формате MARC21

Поле Инд. ПП Название Значение
Тип записи a
Библиографический уровень b
001 Контрольный номер UNIDUBNAf8f3fa04a8aa43da9efa20f7e5e558ff
005 Дата корректировки 20230704135828.0
008 Кодируемые данные 20170331
040 b Код языка каталог. rus
e Правила каталог. PSBO
041 0_ a Код языка текста rus
084 a Индекс другой классификации/Индекс ББК 88.42-8; 88.92; 88.93
100 1_ a Автор Ясакова Н. А.
245 10 a Заглавие Индивидуальная помощь подросткам, пережившим попытку суицида (из опыта работы психолога социальной сферы)
520 0_ a Аннотация Самоубийство подростка всегда направлено на выход из невыносимого положения. Попытка суицида становится криком о помощи окружающим. Выделены индивидуальные особенности подростков с суицидальными наклонностями, причины суицида. Показаны эффективные психологические приемы и методы работы с такими подростками.
650 14 a Основная рубрика возрастная психология
a Основная рубрика практическая психология (прикладная психология)
a Основная рубрика психокоррекция
a Основная рубрика психологическое консультирование
a Основная рубрика психология
653 0_ a Ключевые слова детско-родительские отношения
a Ключевые слова индивидуальная помощь
a Ключевые слова кризисная интервенция
a Ключевые слова подростки
a Ключевые слова проективные методики
a Ключевые слова психологическое здоровье
a Ключевые слова психолого-педагогическая поддержка
a Ключевые слова психосоциальная поддержка
a Ключевые слова психотерапия
a Ключевые слова психоэмоциональные нарушения
a Ключевые слова реабилитационные центры
a Ключевые слова регуляция психической деятельности
a Ключевые слова Россия
a Ключевые слова социальная защита
a Ключевые слова суицид (самоубийство)
a Ключевые слова трудная жизненная ситуация
a Ключевые слова центры социального обслуживания
773 08 t Заглавие источника Работник социальной службы
d Дата издания источника 2022
g Прочая информация № 4. - С. 79 - 87
w Контрольный № источника UNIDUBNAacb01dadd13649c3845f6882e49ff180
901 t Тип документа b